| 000 | 00368pab a2200145 454500 | ||
|---|---|---|---|
| 008 | 180718b1995 xxu||||| |||| 00| 0 eng d | ||
| 100 | _aSayulu, K. | ||
| 245 |
_aRural public distribution system _bneed for a new approach. |
||
| 260 | _c1995 | ||
| 300 | _ap.43-45 | ||
| 362 | _aFeb | ||
| 650 | _aRationing, Consumer - India | ||
| 773 | _aKurukshetra | ||
| 909 | _a28578 | ||
| 999 |
_c28578 _d28578 |
||